[Event "Brighton e2e4 Challengers"]
[Site "Brighton"]
[Date "2013.02.19"]
[Round "6"]
[White "Leung, Simon CH"]
[Black "Omtvedt, Per"]
[Result "0-1"]
[WhiteElo "1567"]
[BlackElo "2078"]
[PlyCount "73"]
[EventDate "2013.02.16"]
[EventType "swiss"]
[EventRounds "9"]
[EventCountry "ENG"]
[SourceTitle "EXT 2014"]
[Source "ChessBase"]
[SourceDate "2013.11.20"]
[SourceVersion "1"]
[SourceVersionDate "2013.11.20"]
[SourceQuality "1"]

1. e4 Nf6 2. e5 Nd5 3. d4 d6 4. Nf3 dxe5 5. Nxe5 c6 6. c4 Nf6 7. Nc3 g6 8. Be2 Bg7 9. Be3 Be6 10. 0-0 0-0 11. Qd2 Nbd7 12. f4 Nb6 13. b3 Ne8 14. Rad1 f6 15. Nd3 Qc7 16. Nc5 Bf7 17. f5 gxf5 18. Rxf5 e6 19. Rf3 Rd8 20. Rg3 Qe7 21. Bd3 Kh8 22. Rf1 f5 23. Rxg7 Nxg7 24. Bg5 Qd6 25. Bf6 Rd7 26. Qh6 Bg6 27. Be5 Qe7 28. Ne2 Qf7 29. Nf4 Kg8 30. Rf3 Nh5 31. Nfxe6 Re8 32. g4 Rxe6 33. Nxe6 Nf6 34. gxf5 Ng4 35. fxg6 Qxf3 36. gxh7+ Kf7 37. Ng5+ 0-1

[Event "BCF-chT3S 1213 (4NCL)"]
[Site "England"]
[Date "2012.11.04"]
[Round "2.138"]
[White "Henbest, Kevin B"]
[Black "Leung, Simon CH"]
[Result "0-1"]
[WhiteElo "1729"]
[BlackElo "1567"]
[PlyCount "66"]
[EventDate "2012.11.03"]
[EventType "team-swiss"]
[EventRounds "6"]
[EventCountry "ENG"]
[SourceTitle "EXT 2014"]
[Source "ChessBase"]
[SourceDate "2013.11.20"]
[SourceVersion "1"]
[SourceVersionDate "2013.11.20"]
[SourceQuality "1"]
[WhiteTeam "Oxford III"]
[BlackTeam "KJCA Knights"]
[WhiteTeamCountry "ENG"]
[BlackTeamCountry "ENG"]

1. e4 e6 2. d4 d5 3. Nc3 Bb4 4. e5 c5 5. a3 Bxc3+ 6. bxc3 Ne7 7. a4 Nbc6 8. Nf3 Qa5 9. Qd2 Bd7 10. Bd3 h6 11. 0-0 c4 12. Be2 b5 13. Ba3 bxa4 14. Rfb1 0-0 15. Rb7 Rfd8 16. Rab1 Nc8 17. R7b5 Qa6 18. R5b2 N8e7 19. g4 Ng6 20. g5 hxg5 21. Nxg5 Nce7 22. Bxe7 Nxe7 23. Qf4 Nf5 24. Bg4 Nh6 25. Bh5 Rf8 26. Rb7 Be8 27. Re7 a3 28. Rbb7 a2 29. Nxf7 a1Q+ 30. Kg2 Bxf7 31. Bxf7+ Nxf7 32. Rbd7 Q1a4 33. Rxf7 Qxd7 0-1

[Event "Guernsey Holiday op"]
[Site "Guernsey"]
[Date "2012.10.26"]
[Round "6"]
[White "Leung, Simon CH"]
[Black "Perrin, Jonathan"]
[Result "1/2-1/2"]
[WhiteElo "1640"]
[BlackElo "1736"]
[PlyCount "47"]
[EventDate "2012.10.21"]
[EventType "swiss"]
[EventRounds "7"]
[EventCountry "GCI"]
[SourceTitle "EXT 2015"]
[Source "ChessBase"]
[SourceDate "2014.11.20"]
[SourceVersion "1"]
[SourceVersionDate "2014.11.20"]
[SourceQuality "1"]

1. e4 d6 2. d4 Nf6 3. Nc3 e5 4. d5 Be7 5. Nf3 c6 6. Bd3 Qc7 7. 0-0 Bg4 8. Be2 Nbd7 9. Ne1 Bxe2 10. Qxe2 0-0 11. Nd3 cxd5 12. exd5 Nb6 13. f4 Nbxd5 14. Nxd5 Nxd5 15. fxe5 dxe5 16. Qxe5 Qxe5 17. Nxe5 Bc5+ 18. Kh1 Ne3 19. Bxe3 Bxe3 20. Rfe1 Bh6 21. Ng4 Bg5 22. Nf2 Rfe8 23. Ne4 Bf4 24. g3 1/2-1/2

[Event "Guernsey Holiday op"]
[Site "Guernsey"]
[Date "2012.10.22"]
[Round "2"]
[White "Pemberton, Clive H"]
[Black "Leung, Simon CH"]
[Result "0-1"]
[WhiteElo "1704"]
[BlackElo "1640"]
[PlyCount "84"]
[EventDate "2012.10.21"]
[EventType "swiss"]
[EventRounds "7"]
[EventCountry "GCI"]
[SourceTitle "EXT 2015"]
[Source "ChessBase"]
[SourceDate "2014.11.20"]
[SourceVersion "1"]
[SourceVersionDate "2014.11.20"]
[SourceQuality "1"]

1. e4 e6 2. d4 d5 3. exd5 exd5 4. c4 Nf6 5. Nf3 Bb4+ 6. Nc3 0-0 7. Qb3 Nc6 8. Bg5 Qe7+ 9. Be2 Re8 10. Qc2 dxc4 11. a3 Bf5 12. Qd2 Bxc3 13. bxc3 Bd3 14. Be3 Bxe2 15. Kxe2 Na5 16. Qb2 Ng4 17. Qb4 Nxe3 18. Qxe7 Rxe7 19. fxe3 Rae8 20. Kf2 Rxe3 21. Rhe1 Rxe1 22. Rxe1 Kf8 23. Ne5 f6 24. Nd7+ Kf7 25. Rxe8 Kxe8 26. Nc5 Ke7 27. Ke3 b6 28. Na6 Kd6 29. Ke4 Nc6 30. g4 g6 31. h4 Ne7 32. Nb4 a5 33. Nc2 Nd5 34. Ne3 Nxe3 35. Kxe3 Kd5 36. Kf4 c5 37. dxc5 Kxc5 38. h5 b5 39. hxg6 hxg6 40. Ke4 b4 41. cxb4+ axb4 42. axb4+ Kxb4 0-1